000 00369pam a2200157a 44500
008 230515b1996 xxu||||| |||| 00| 0 eng d
020 _a0-14-025838-8
041 _aENGL
082 _a121 BON.
100 _a"BONO E.,"
245 _aTEXTBOOK OF WISDOM
250 _a0
260 _aLONDON
_bPENGUIN BOOKS LTD
_c1996
300 _a276
650 _a"KNOWLEDGE,WISDOM"
999 _c534347
_d534347